| 000 | 00327nam a22001337a 4500 | ||
|---|---|---|---|
| 082 | _aP254 | ||
| 100 |
_aAsad Imtiaz. _947984 |
||
| 245 |
_aCAD of RCC slab/ _bAsad Imtiaz, Imran Ahmad. |
||
| 260 |
_aMCE _c2004. |
||
| 526 |
_a0 _b0 _c0 _dP_000000000000000_254 |
||
| 650 | _aProject. | ||
| 700 |
_aIqbal. _917522 |
||
| 942 |
_2ddc _cBK |
||
| 999 |
_c551046 _d551046 |
||